01024nam a22002657a 4500999001700000003000500017005001700022008004100039010001500080022001500095024001500110040001900125082001500144100002200159245008500181260003400266300002900300440005600329500005000385538002400435650009000459856002600549942001200575952017100587 c23209d23209NUST20170606115435.0170606b xxu||||| |||| 00| 0 eng d a2003055776 a158488407X cAvailable  aDLCbDLCcRCMS a514.24 LIA aShijun Liao92038 aBeyond Perturbation /bIntroduction to the Homotopy analysis MethodcLiao Shijun aAmericabCRC Press LLCcc2004 axii,322,p:bill:c22,cm. aCRC Series : Modern Mechanics And Mathematics92039 aIncludes bibliographical references and index iShelf No 1 Row No 3 aModern Mechanics And Mathematics92040x1. Homotopy theory. 2. Mathematical analysis  3Table of Content Only cBK2ddc 001040708NFICaCLbCLcDISPLAYd2013-03-06eProgessive International Agencies(Pvt) Limitedg3.00l4o514.24 LIApRCMS002186r2025-10-11s2025-10-05w2013-03-06yBK